Electrical distribution system protection : a textbook and practical reference on overcurrent and overvoltage fundamentals, protective equipment and applications

Na minha lista:
Detalhes bibliográficos
Autor principal: Walker, Charles Vicent, 1812-1882 Editor
Formato: Desconhecido
Idioma:English
Publicado em: United States of America : Cooper Power Systems, 1990
Assuntos:
Tags: Adicionar Tag
Sem tags, seja o primeiro a adicionar uma tag!

MARC

LEADER 00000 a2200000 4500
003 000366
005 20221231143826.0
008 140114s1990 nyua 000 ||eng d
040 |c cru CEDI 
082 |a 621.319.13 E38e 
100 |a Walker, Charles Vicent, 1812-1882  |9 19409  |d Editor 
245 |a Electrical distribution system protection : a textbook and practical reference on overcurrent and overvoltage fundamentals, protective equipment and applications 
260 |c 1990  |a United States of America : Cooper Power Systems,  
300 |a iii, 264 páginas : ilustraciones 
650 |z SISTEMAS DE ENERGIA ELECTRICA   |z  PROTECCION  |z  MANUALES   |z DISTRIBUCION DE ENERGIA ELECTRICA   |z ALTA TENSION  |9 19411 
942 |2 ddc  |c BK 
999 |c 12642  |d 12642